00503nam a2200169Ia 4500003000400000008004100004040001600045082001500061100002500076245006300101260004300164300000800207650003100215650003000246650002900276650002800305GCL140319s9999 xx 000 0 eng d aGCL / cGCL04a632.1bP H1 aPESSARAKLI, MOHAMMAD10aHANDBOOL OF PLANT AND CORP STRESS / cPESSARAKLI, MOHAMMAD a[S.N] : bMARCEL DEKKER, INC ، c1993 a69704aCORPS: EFFECT OF STRESS ON04aCORPS: EFFECT OF SALTS ON04aPLANT - EFFECT OF STRESS04aPLANT - EFFECT OF SALTS